Sinh lí học thần kinh Tập 2 Sinh lí hoat động thần kinh cấp cao
Lịch sử nghiên cứu về hoạt động thần kinh cấp cao. Hoạt động phản xạ của não bộ. Ức chế phản xạ có điều kiện. Đường liên hệ thần kinh tạm thời ở các Nơron - cơ sở sinh học phân tử của đường liên hệ thần kinh tạm thời. Các quy luật hoạt động thần kinh cấp cao. Các hệ thống tín hiệu - các loại hình th...
में बचाया:
| मुख्य लेखक: | |
|---|---|
| स्वरूप: | पुस्तक |
| भाषा: | Vietnamese |
| प्रकाशित: |
H.
Đại học Sư phạm
2012
|
| संस्करण: | Tái bản lần thứ 2 |
| विषय: | |
| टैग : |
टैग जोड़ें
कोई टैग नहीं, इस रिकॉर्ड को टैग करने वाले पहले व्यक्ति बनें!
|
| Thư viện lưu trữ: | Mạng thư viện Đại học Đà Nẵng |
|---|
| LEADER | 01737nam a2200349 4500 | ||
|---|---|---|---|
| 001 | 000024061 | ||
| 003 | 20540 | ||
| 005 | 20160928090930.0 | ||
| 008 | 160927s2012 viesd | ||
| 020 | |c 55000đ | ||
| 041 | 0 | |a vie | |
| 082 | 1 | 4 | |a 612.8 |b TA-L |
| 100 | 1 | |a Tạ Thúy Lan | |
| 245 | 1 | 0 | |a Sinh lí học thần kinh |c Tạ Thúy Lan |n Tập 2 |p Sinh lí hoat động thần kinh cấp cao |
| 246 | 3 | |a Sinh lý học thần kinh | |
| 250 | |a Tái bản lần thứ 2 | ||
| 260 | |a H. |b Đại học Sư phạm |c 2012 | ||
| 300 | |a 303 tr. |b hình |c 24 cm. | ||
| 520 | 3 | |a Lịch sử nghiên cứu về hoạt động thần kinh cấp cao. Hoạt động phản xạ của não bộ. Ức chế phản xạ có điều kiện. Đường liên hệ thần kinh tạm thời ở các Nơron - cơ sở sinh học phân tử của đường liên hệ thần kinh tạm thời. Các quy luật hoạt động thần kinh cấp cao. Các hệ thống tín hiệu - các loại hình thần kinh. Cảm xúc và hành vi. Trí nhớ. Cơ sở di truyền của hoạt động hành vi. | |
| 650 | 0 | 4 | |a Hệ thần kinh |x Sinh lý học |
| 653 | |a Thần kinh cấp cao | ||
| 773 | |b In lần thứ tư |d Đại học Sư phạm |d H. |d 2015 |t Sinh lí học thần kinh |w 20529 | ||
| OWN | |a LSP | ||
| AVA | |a UDN50 |b LSP |d 612.8 TA-L |e check_holdings |t Error 5003 Not defined in file expand_doc_bib_avail. |h N |k 1 | ||
| 999 | |a From the UDN01 | ||
| AVA | |a UDN50 |b LSP |d 612.8 TA-L |e available |t Error 5001 Not defined in file expand_doc_bib_avail. |f 30 |g 2 |h N |i 20 |k 1 | ||
| TYP | |a Monograph | ||
| TYP | |a Printed language | ||
| 980 | |a Mạng thư viện Đại học Đà Nẵng | ||